000 00953nam0a22002651 4500
001 RU\INFOCOMM_322\NLR\5000163399
005 20250613110318.0
035 _a(NLR Aleph) 009556592
090 _a9041749
_c9041749
100 _a20130209d1968 |||y0rusy50 ca
101 0 _aeng
102 _aRU
105 _ay z |||||
200 1 _aˆThe ‰elements of statics and dynamics
_fS. L. Loney
_gСост. М. К. Быстрова
_g[Моск. ун-т]. Механико-матем. фак. Кафедра англ. яз.
210 _aМосква
_cИзд-во Моск. ун-та
_d1968
215 _a16 с.
_d22 см
309 _aОтпеч. множит. аппаратом
700 1 _aLoney
_bS. L.
_f1860-1939
_gSidney Luxton
702 1 _9z01790
_aBystrova
_bM. K.
_4220
790 1 _9z01702
_aБыстрова
_bМ. К.
_4220
801 1 _aRU
_bInfocomm
_c20130209
801 0 _aRU
_bINFOCOMM
_gPSBO
852 _aNLR
_jЯ61 Д-6/3
942 _cBOOK
980 _aNB